| 000 | 00587nam a2200229 a 4500 | ||
|---|---|---|---|
| 005 | 20210219152825.0 | ||
| 008 | 991125n 000 0 spa u | ||
| 035 | _aUPN01000062452 | ||
| 100 | _aAYALA, Jose | ||
| 222 | _aFORO UNIVERSITARIO | ||
| 245 | _aAcademia : UNAM, difícil reforma | ||
| 300 | _a5-11 | ||
| 362 | _a1987 2a época, no. 75, feb. | ||
| 653 | 0 | _aALUMNOS | |
| 653 | 0 | _aEDUCACION SUPERIOR | |
| 653 | 0 | _aMAESTROS | |
| 653 | 0 | _aMASIFICACION DE LA EDUCACION | |
| 653 | 0 | _aREFORMA UNIVERSITARIA | |
| 653 | 0 | _aUNAM | |
| 904 |
_aAC _b000263 |
||
| 905 | _aArticulo | ||
| 999 |
_c61717 _d61717 |
||